[Event "Nordic Chess-ch 2019"]
[Site "Sarpsborg"]
[Date "2019.06.23"]
[Round "4.35"]
[White "Mirza, Raad"]
[Black "Larsen, Bjorn"]
[Result "0-1"]
[WhiteElo "1991"]
[BlackElo "1680"]
[Annotator "NA"]
[PlyCount "180"]
[EventDate "2019.06.21"]
[EventType "swiss"]
[EventCountry "NOR"]
[SourceTitle "playchess.com"]
[Source "ChessBase"]
[SourceQuality "1"]
[TimeControl "40/5400+30:1800+30"]

1. e4 {[%emt 0:00:00]} e5 {[%emt 0:00:43]} 2. Nf3 {[%emt 0:00:00]} Nc6 {[%emt 0:00:18]} 3. Bc4 {[%emt 0:00:00]} Bc5 {[%emt 0:00:19]} 4. O-O {[%emt 0:00:00]} Nf6 {[%emt 0:01:21]} 5. d4 {[%emt 0:01:41]} Bxd4 {[%emt 0:01:14]} 6. Nxd4 {[%emt 0:00:20]} Nxd4 {[%emt 0:00:16]} 7. f4 {[%emt 0:03:08]} d6 {[%emt 0:00:18]} 8. fxe5 {[%emt 0:00:52]} dxe5 {[%emt 0:00:32]} 9. Bg5 {[%emt 0:00:48]} Qe7 {[%emt 0:10:38]} 10. c3 {[%emt 0:05:43]} Be6 {[%emt 0:00:21]} 11. Bd3 {[%emt 0:01:33]} Nc6 {[%emt 0:03:43]} 12. Bxf6 {[%emt 0:00:04]} gxf6 {[%emt 0:00:06]} 13. Qf3 {[%emt 0:01:04]} O-O-O {[%emt 0:05:00]} 14. Be2 {[%emt 0:04:01]} f5 {[%emt 0:04:26]} 15. exf5 {[%emt 0:00:02]} Bd5 {[%emt 0:01:21]} 16. f6 {[%emt 0:03:08]} Qc5+ {[%emt 0:00:48]} 17. Qf2 {[%emt 0:00:02]} Qxf2+ {[%emt 0:01:48]} 18. Rxf2 {[%emt 0:00:02]} Rhg8 {[%emt 0:01:07]} 19. Na3 {[%emt 0:01:23]} Rg5 {[%emt 0:03:51]} 20. Nc4 {[%emt 0:01:36]} Rdg8 {[%emt 0:03:22]} 21. Ne3 {[%emt 0:00:55]} Be6 {[%emt 0:03:16]} 22. Kh1 {[%emt 0:03:32]} h5 {[%emt 0:01:33]} 23. h4 {[%emt 0:04:33]} Rg3 {[%emt 0:04:06]} 24. Bf3 {[%emt 0:00:45]} e4 {[%emt 0:05:05]} 25. Nf1 {[%emt 0:02:36]} exf3 {[%emt 0:03:42]} 26. Nxg3 {[%emt 0:00:03]} Rxg3 {[%emt 0:00:31]} 27. Kh2 {[%emt 0:00:24]} Rxg2+ {[%emt 0:00:36]} 28. Rxg2 {[%emt 0:00:02]} fxg2 {[%emt 0:00:21]} 29. Kxg2 {[%emt 0:00:15]} Ne5 {[%emt 0:02:54]} 30. Re1 {[%emt 0:03:21]} Nd7 {[%emt 0:01:34]} 31. Rf1 {[%emt 0:00:55]} Kd8 {[%emt 0:06:22]} 32. a3 {[%emt 0:02:55]} Ke8 {[%emt 0:00:10]} 33. Kg3 {[%emt 0:00:02]} Kf8 {[%emt 0:00:24]} 34. Kf4 {[%emt 0:09:24]} Nxf6 {[%emt 0:04:10]} 35. Kg5 {[%emt 0:00:02]} Ne4+ {[%emt 0:00:58]} 36. Kf4 {[%emt 0:00:24]} Nd6 {[%emt 0:03:02]} 37. Kg5 {[%emt 0:00:38]} Bg4 {[%emt 0:00:32]} 38. Kf6 {[%emt 0:00:52]} Ne8+ {[%emt 0:04:04]} 39. Ke5 {[%emt 0:00:27]} f6+ {[%emt 0:04:01]} 40. Kf4 {[%emt 0:00:23]} Kf7 {[%emt 0:00:40]} 41. b3 {[%emt 0:31:38]} Nd6 {[%emt 0:31:07]} 42. c4 {[%emt 0:00:23]} Nf5 {[%emt 0:01:54]} 43. Rh1 {[%emt 0:00:54]} Nd4 {[%emt 0:06:27]} 44. Rb1 {[%emt 0:00:11]} Ke7 {[%emt 0:03:57]} 45. Rb2 {[%emt 0:00:15]} Nf3 {[%emt 0:03:08]} 46. Kg3 {[%emt 0:00:30]} Kd6 {[%emt 0:04:48]} 47. b4 {[%emt 0:00:04]} b6 {[%emt 0:01:08]} 48. Re2 {[%emt 0:01:01]} Ne5 {[%emt 0:00:40]} 49. Re4 {[%emt 0:00:07]} a5 {[%emt 0:00:00]} 50. Rf4 {[%emt 0:00:00]} axb4 {[%emt 0:00:00]} 51. axb4 {[%emt 0:00:00]} Ke7 {[%emt 0:00:00]} 52. Rd4 {[%emt 0:02:05]} Be6 {[%emt 0:00:00]} 53. c5 {[%emt 0:00:41]} bxc5 {[%emt 0:00:00]} 54. bxc5 {[%emt 0:00:04]} Nd7 {[%emt 0:00:00]} 55. c6 {[%emt 0:04:54]} Ne5 {[%emt 0:00:00]} 56. Kf4 {[%emt 0:00:40]} Nxc6 {[%emt 0:00:00]} 57. Ra4 {[%emt 0:00:02]} Kd7 {[%emt 0:00:00]} 58. Ra8 {[%emt 0:00:43]} Nd8 {[%emt 0:00:00]} 59. Ra7 {[%emt 0:00:56]} Bg4 {[%emt 0:00:00]} 60. Ke4 {[%emt 0:00:51]} f5+ {[%emt 0:00:00]} 61. Kf4 {[%emt 0:00:07]} Ne6+ {[%emt 0:00:00]} 62. Ke5 {[%emt 0:00:06]} f4 {[%emt 0:00:00]} 63. Ra2 {[%emt 0:01:18]} f3 {[%emt 0:00:00]} 64. Rd2+ {[%emt 0:00:34]} Kc6 {[%emt 0:00:00]} 65. Rc2+ {[%emt 0:00:07]} Kb5 {[%emt 0:00:00]} 66. Rf2 {[%emt 0:07:26]} Kc4 {[%emt 0:00:00]} 67. Ke4 {[%emt 0:00:15]} Nc5+ {[%emt 0:00:00]} 68. Ke3 {[%emt 0:00:05]} Nb3 {[%emt 0:00:00]} 69. Rc2+ {[%emt 0:00:08]} Kd5 {[%emt 0:00:00]} 70. Rxc7 {[%emt 0:00:10]} Kd6 {[%emt 0:00:00]} 71. Rc3 {[%emt 0:04:00]} Nc5 {[%emt 0:00:00]} 72. Rc4 {[%emt 0:01:15]} Ne6 {[%emt 0:01:06]} 73. Ra4 {[%emt 0:00:54]} Ng7 {[%emt 0:00:44]} 74. Kf2 {[%emt 0:12:12]} Nf5 {[%emt 0:00:34]} 75. Ra5 {[%emt 0:03:13]} Nxh4 {[%emt 0:00:34]} 76. Kg3 {[%emt 0:01:10]} Nf5+ {[%emt 0:00:41]} 77. Kf2 {[%emt 0:00:16]} Ke6 {[%emt 0:00:17]} 78. Rb5 {[%emt 0:01:17]} Kf6 {[%emt 0:00:11]} 79. Rb8 {[%emt 0:00:29]} Kg5 {[%emt 0:00:10]} 80. Rb4 {[%emt 0:00:27]} h4 {[%emt 0:00:29]} 81. Ra4 {[%emt 0:00:08]} h3 {[%emt 0:00:22]} 82. Ra8 {[%emt 0:00:11]} h2 {[%emt 0:01:51]} 83. Ra1 {[%emt 0:07:05]} Kh4 {[%emt 0:00:20]} 84. Ra8 {[%emt 0:00:34]} h1=Q {[%emt 0:11:59]} 85. Rh8+ {[%emt 0:15:09]} Nh6 {[%emt 0:00:00]} 86. Rxh6+ {[%emt 0:00:00]} Bh5 {[%emt 0:00:00]} 87. Re6 {[%emt 0:00:00]} Qg2+ {[%emt 0:00:00]} 88. Ke3 {[%emt 0:00:00]} Qe2+ {[%emt 0:00:00]} 89. Kf4 {[%emt 0:00:00]} Qc4+ {[%emt 0:00:00]} 90. Re4 {[%emt 0:00:00]} Qxe4+ {[%emt 0:00:00]} 0-1

[Event "Nordic Chess-ch 2019"]
[Site "Sarpsborg"]
[Date "2019.06.23"]
[Round "4.36"]
[White "Kirppo, Ronny"]
[Black "Stubrud, Jan Magne"]
[Result "1-0"]
[WhiteElo "1910"]
[BlackElo "1681"]
[Annotator "NA"]
[PlyCount "73"]
[EventDate "2019.06.21"]
[EventType "swiss"]
[EventCountry "NOR"]
[SourceTitle "playchess.com"]
[Source "ChessBase"]
[SourceQuality "1"]
[TimeControl "40/5400+30:1800+30"]

1. d4 {[%emt 0:00:00]} d5 {[%emt 0:00:09]} 2. c4 {[%emt 0:00:00]} e6 {[%emt 0:00:20]} 3. Nf3 {[%emt 0:00:32]} Nf6 {[%emt 0:00:26]} 4. g3 {[%emt 0:00:24]} Be7 {[%emt 0:02:52]} 5. Bg2 {[%emt 0:00:51]} O-O {[%emt 0:00:54]} 6. O-O {[%emt 0:00:46]} dxc4 {[%emt 0:02:32]} 7. Qc2 {[%emt 0:04:29]} Bd7 {[%emt 0:06:07]} 8. Qxc4 {[%emt 0:08:10]} Bc6 {[%emt 0:01:06]} 9. Nc3 {[%emt 0:00:33]} Nbd7 {[%emt 0:01:11]} 10. Rd1 {[%emt 0:05:42]} Nb6 {[%emt 0:01:19]} 11. Qd3 {[%emt 0:00:48]} Nbd5 {[%emt 0:04:53]} 12. Ne5 {[%emt 0:12:29]} Nb4 {[%emt 0:10:25]} 13. Nxc6 {[%emt 0:02:14]} Nxd3 {[%emt 0:02:44]} 14. Nxd8 {[%emt 0:00:15]} Nxc1 {[%emt 0:00:30]} 15. Nxb7 {[%emt 0:00:21]} Nxe2+ {[%emt 0:03:51]} 16. Nxe2 {[%emt 0:00:10]} Rab8 {[%emt 0:00:07]} 17. Rd2 {[%emt 0:03:52]} Nd7 {[%emt 0:02:03]} 18. Rc1 {[%emt 0:00:49]} Rfc8 {[%emt 0:01:19]} 19. Nc5 {[%emt 0:01:44]} Nf8 {[%emt 0:03:18]} 20. Rdc2 {[%emt 0:04:03]} g5 {[%emt 0:02:53]} 21. Na6 {[%emt 0:08:25]} Rb6 {[%emt 0:01:35]} 22. Nc5 {[%emt 0:02:36]} Bd6 {[%emt 0:01:11]} 23. b3 {[%emt 0:01:02]} e5 {[%emt 0:00:39]} 24. Ne4 {[%emt 0:01:03]} Ba3 {[%emt 0:04:53]} 25. Rxc7 {[%emt 0:00:25]} Rd8 {[%emt 0:05:01]} 26. Rd1 {[%emt 0:00:49]} Ne6 {[%emt 0:03:35]} 27. Rxa7 {[%emt 0:00:27]} Bb2 {[%emt 0:05:22]} 28. d5 {[%emt 0:00:51]} Nd4 {[%emt 0:00:59]} 29. Nxd4 {[%emt 0:00:29]} Bxd4 {[%emt 0:00:16]} 30. Rc7 {[%emt 0:12:26]} h6 {[%emt 0:02:48]} 31. Rc6 {[%emt 0:02:09]} Rb5 {[%emt 0:11:34]} 32. Nd6 {[%emt 0:03:59]} Rb4 {[%emt 0:05:13]} 33. Nf5 {[%emt 0:01:48]} Ba7 {[%emt 0:06:42]} 34. d6 {[%emt 0:00:19]} Bb8 {[%emt 0:01:18]} 35. d7 {[%emt 0:01:10]} Rb7 {[%emt 0:00:46]} 36. Rc8 {[%emt 0:00:08]} Rbxd7 {[%emt 0:02:43]} 37. Rxd8+ {[%emt 0:00:15]} 1-0

[Event "Nordic Chess-ch 2019"]
[Site "Sarpsborg"]
[Date "2019.06.23"]
[Round "4.37"]
[White "Andersen, Odd"]
[Black "Rukovci, Shemsi"]
[Result "1/2-1/2"]
[WhiteElo "1751"]
[BlackElo "1907"]
[Annotator "NA"]
[PlyCount "111"]
[EventDate "2019.06.21"]
[EventType "swiss"]
[EventCountry "NOR"]
[SourceTitle "playchess.com"]
[Source "ChessBase"]
[SourceQuality "1"]
[TimeControl "40/5400+30:1800+30"]

1. e4 {[%emt 0:00:00]} e5 {[%emt 0:01:11]} 2. Nf3 {[%emt 0:00:00]} Nf6 {[%emt 0:00:28]} 3. Nc3 {[%emt 0:00:27]} Bb4 {[%emt 0:00:40]} 4. Nxe5 {[%emt 0:01:09]} Qe7 {[%emt 0:02:14]} 5. Nf3 {[%emt 0:01:34]} Nxe4 {[%emt 0:04:10]} 6. Nxe4 {[%emt 0:00:33]} Qxe4+ {[%emt 0:01:46]} 7. Qe2 {[%emt 0:04:36]} d5 {[%emt 0:03:27]} 8. c3 {[%emt 0:02:06]} Qxe2+ {[%emt 0:03:20]} 9. Bxe2 {[%emt 0:00:09]} Bd6 {[%emt 0:00:08]} 10. d4 {[%emt 0:00:22]} O-O {[%emt 0:00:25]} 11. O-O {[%emt 0:01:49]} Bf5 {[%emt 0:00:52]} 12. h3 {[%emt 0:02:38]} Nd7 {[%emt 0:03:55]} 13. Be3 {[%emt 0:01:35]} h6 {[%emt 0:01:39]} 14. Rad1 {[%emt 0:00:48]} Nf6 {[%emt 0:01:17]} 15. Bd3 {[%emt 0:00:58]} Ne4 {[%emt 0:02:10]} 16. Bb1 {[%emt 0:01:28]} Bh7 {[%emt 0:02:32]} 17. Rfe1 {[%emt 0:00:54]} Rae8 {[%emt 0:02:23]} 18. Nd2 {[%emt 0:02:46]} Nxd2 {[%emt 0:06:07]} 19. Bxh7+ {[%emt 0:00:54]} Kxh7 {[%emt 0:00:25]} 20. Bxd2 {[%emt 1:15:14]} f5 {[%emt 0:03:15]} 21. Rxe8 {[%emt 0:00:00]} Rxe8 {[%emt 0:00:00]} 22. Re1 {[%emt 0:00:00]} Rf8 {[%emt 0:00:50]} 23. f4 {[%emt 0:00:00]} Kg6 {[%emt 0:00:11]} 24. Kf2 {[%emt 0:00:00]} Kf6 {[%emt 0:00:01]} 25. h4 {[%emt 0:00:00]} Rc8 {[%emt 0:06:20]} 26. Be3 {[%emt 0:00:00]} Ke6 {[%emt 0:01:40]} 27. h5 {[%emt 0:00:00]} Kd7 {[%emt 0:02:11]} 28. Rg1 {[%emt 0:00:00]} Ke7 {[%emt 0:08:26]} 29. g4 {[%emt 0:00:00]} fxg4 {[%emt 0:00:26]} 30. Rxg4 {[%emt 0:00:00]} Kf7 {[%emt 0:00:25]} 31. Kf3 {[%emt 0:00:00]} b5 {[%emt 0:06:18]} 32. Rg2 {[%emt 0:00:00]} a5 {[%emt 0:03:47]} 33. b3 {[%emt 0:00:00]} Be7 {[%emt 0:02:06]} 34. Rg6 {[%emt 0:00:00]} Bf6 {[%emt 0:01:09]} 35. Rg1 {[%emt 0:00:00]} c5 {[%emt 0:08:32]} 36. dxc5 {[%emt 0:00:00]} Bxc3 {[%emt 0:01:25]} 37. Rd1 {[%emt 0:00:00]} d4 {[%emt 0:05:05]} 38. Bxd4 {[%emt 0:00:00]} Bxd4 {[%emt 0:00:11]} 39. Rxd4 {[%emt 0:00:00]} Rxc5 {[%emt 0:00:09]} 40. Kg4 {[%emt 0:00:00]} Ke6 {[%emt 0:01:49]} 41. Re4+ {[%emt 0:17:41]} Kf6 {[%emt 0:31:46]} 42. Re2 {[%emt 0:00:56]} b4 {[%emt 0:00:49]} 43. Rd2 {[%emt 0:00:18]} Ke6 {[%emt 0:03:29]} 44. Re2+ {[%emt 0:00:42]} Kd6 {[%emt 0:09:00]} 45. Rd2+ {[%emt 0:00:43]} Ke7 {[%emt 0:00:00]} 46. Re2+ {[%emt 0:00:00]} Kf7 {[%emt 0:00:00]} 47. Re5 {[%emt 0:00:00]} Rxe5 {[%emt 0:00:00]} 48. fxe5 {[%emt 0:00:00]} Ke6 {[%emt 0:00:00]} 49. Kf4 {[%emt 0:00:00]} Kf7 {[%emt 0:00:00]} 50. Ke4 {[%emt 0:00:00]} Ke7 {[%emt 0:00:00]} 51. Kd5 {[%emt 0:00:00]} Kd7 {[%emt 0:00:00]} 52. e6+ {[%emt 0:00:00]} Ke7 {[%emt 0:00:00]} 53. Ke5 {[%emt 0:26:10]} Ke8 54. Kd6 {[%emt 0:00:30]} Kd8 55. e7+ {[%emt 0:00:00]} Ke8 {[%emt 0:00:00]} 56. Ke6 {[%emt 0:00:00]} 1/2-1/2

[Event "Nordic Chess-ch 2019"]
[Site "Sarpsborg"]
[Date "2019.06.23"]
[Round "4.39"]
[White "Sather, Lars"]
[Black "Bergquist, Rune"]
[Result "0-1"]
[WhiteElo "1730"]
[BlackElo "1609"]
[Annotator "NA"]
[PlyCount "118"]
[EventDate "2019.06.21"]
[EventType "swiss"]
[EventCountry "NOR"]
[SourceTitle "playchess.com"]
[Source "ChessBase"]
[SourceQuality "1"]
[TimeControl "40/5400+30:1800+30"]

1. d4 {[%emt 0:00:00]} d5 {[%emt 0:00:00]} 2. c4 {[%emt 0:00:00]} e6 {[%emt 0:00:00]} 3. Nc3 {[%emt 0:00:00]} Nf6 {[%emt 0:00:00]} 4. f3 {[%emt 0:00:02]} Be7 {[%emt 0:01:33]} 5. e4 {[%emt 0:01:55]} c6 {[%emt 0:00:42]} 6. cxd5 {[%emt 0:01:31]} exd5 {[%emt 0:00:26]} 7. e5 {[%emt 0:00:10]} Nfd7 {[%emt 0:00:24]} 8. Bd3 {[%emt 0:00:26]} O-O {[%emt 0:00:58]} 9. Nge2 {[%emt 0:00:07]} Re8 {[%emt 0:01:39]} 10. O-O {[%emt 0:00:21]} Nf8 {[%emt 0:00:49]} 11. f4 {[%emt 0:00:48]} c5 {[%emt 0:06:27]} 12. Kh1 {[%emt 0:02:26]} Nc6 {[%emt 0:00:35]} 13. Bb1 {[%emt 0:02:21]} Bg4 {[%emt 0:09:59]} 14. Qd2 {[%emt 0:01:36]} Ne6 {[%emt 0:07:23]} 15. dxc5 {[%emt 0:04:10]} Nxc5 {[%emt 0:02:01]} 16. h3 {[%emt 0:02:02]} Bxe2 {[%emt 0:00:48]} 17. Qxe2 {[%emt 0:01:07]} Bf8 {[%emt 0:08:59]} 18. a3 {[%emt 0:03:59]} d4 {[%emt 0:06:02]} 19. Ne4 {[%emt 0:04:24]} d3 {[%emt 0:05:48]} 20. Qf3 {[%emt 0:03:38]} Nxe4 {[%emt 0:01:04]} 21. Qxe4 {[%emt 0:00:21]} g6 {[%emt 0:03:36]} 22. b4 {[%emt 0:04:31]} d2 {[%emt 0:00:49]} 23. Qf3 {[%emt 0:04:41]} dxc1=Q {[%emt 0:41:28]} 24. Rxc1 {[%emt 1:01:24]} Qb6 {[%emt 0:00:00]} 25. Ba2 {[%emt 0:00:00]} Nd4 {[%emt 0:00:00]} 26. Qd5 {[%emt 0:00:00]} Ne6 {[%emt 0:00:00]} 27. Rf1 {[%emt 0:00:00]} Rad8 {[%emt 0:00:00]} 28. Qb3 {[%emt 0:00:00]} Rd7 {[%emt 0:00:00]} 29. Rae1 {[%emt 0:00:00]} Red8 {[%emt 0:00:00]} 30. Bb1 {[%emt 0:00:00]} Ng7 {[%emt 0:00:00]} 31. Qg3 {[%emt 0:00:00]} Kh8 {[%emt 0:00:00]} 32. Be4 {[%emt 0:00:00]} Nh5 {[%emt 0:00:00]} 33. Qf3 {[%emt 0:00:00]} Ng7 {[%emt 0:00:00]} 34. g4 {[%emt 0:00:00]} Be7 {[%emt 0:00:00]} 35. f5 {[%emt 0:00:00]} Bh4 {[%emt 0:00:19]} 36. Rd1 {[%emt 0:00:00]} Rxd1 {[%emt 0:02:19]} 37. Rxd1 {[%emt 0:00:00]} Rxd1+ {[%emt 0:00:24]} 38. Qxd1 {[%emt 0:00:00]} gxf5 {[%emt 0:00:53]} 39. gxf5 {[%emt 0:00:00]} Qe3 {[%emt 0:02:09]} 40. Qg4 {[%emt 0:00:00]} Qe1+ {[%emt 0:01:23]} 41. Kh2 {[%emt 0:08:04]} Qf2+ {[%emt 0:30:35]} 42. Kh1 {[%emt 0:01:44]} h5 {[%emt 0:00:00]} 43. Qg2 {[%emt 0:00:00]} b6 {[%emt 0:00:00]} 44. f6 {[%emt 0:00:00]} Qxg2+ {[%emt 0:00:00]} 45. Kxg2 {[%emt 0:00:00]} Ne6 {[%emt 0:00:00]} 46. b5 {[%emt 0:00:00]} Bg5 {[%emt 0:00:00]} 47. a4 {[%emt 0:00:00]} Bf4 {[%emt 0:00:00]} 48. Bf3 {[%emt 0:00:00]} Bxe5 {[%emt 0:00:00]} 49. h4 {[%emt 0:00:00]} Bxf6 {[%emt 0:00:00]} 50. Kh3 {[%emt 0:00:00]} Kg7 {[%emt 0:00:00]} 51. Bxh5 {[%emt 0:00:00]} Nf4+ {[%emt 0:00:00]} 52. Kg4 {[%emt 0:00:00]} Nxh5 {[%emt 0:00:00]} 53. Kxh5 {[%emt 0:00:00]} Bxh4 {[%emt 0:00:00]} 54. Kxh4 {[%emt 0:00:00]} Kf6 {[%emt 0:00:00]} 55. Kg4 {[%emt 0:00:00]} Ke5 {[%emt 0:00:00]} 56. Kf3 {[%emt 0:00:00]} Kd4 {[%emt 0:00:00]} 57. Kf4 {[%emt 0:00:00]} Kc4 {[%emt 0:00:00]} 58. Ke5 {[%emt 0:00:00]} Kb4 {[%emt 0:00:00]} 59. Kd5 {[%emt 0:00:00]} Kxa4 {[%emt 0:00:00]} 0-1

[Event "Nordic Chess-ch 2019"]
[Site "Sarpsborg"]
[Date "2019.06.23"]
[Round "4.40"]
[White "Lilleng, Gunnar"]
[Black "Lunde, Sigmund"]
[Result "0-1"]
[WhiteElo "1485"]
[BlackElo "1834"]
[Annotator "NA"]
[PlyCount "92"]
[EventDate "2019.06.21"]
[EventType "swiss"]
[EventCountry "NOR"]
[SourceTitle "playchess.com"]
[Source "ChessBase"]
[SourceQuality "1"]
[TimeControl "40/5400+30:1800+30"]

1. d4 {[%emt 0:00:00]} d5 {[%emt 0:00:00]} 2. c3 {[%emt 0:00:24]} Nf6 {[%emt 0:02:06]} 3. Nf3 {[%emt 0:01:54]} g6 {[%emt 0:01:03]} 4. Bg5 {[%emt 0:00:29]} Bg7 {[%emt 0:02:32]} 5. Nbd2 {[%emt 0:04:13]} O-O {[%emt 0:07:06]} 6. e3 {[%emt 0:02:18]} b6 {[%emt 0:10:28]} 7. Bd3 {[%emt 0:03:08]} Bb7 {[%emt 0:00:47]} 8. O-O {[%emt 0:01:32]} Nbd7 {[%emt 0:04:29]} 9. Re1 {[%emt 0:04:20]} Ne4 {[%emt 0:00:41]} 10. Bh4 {[%emt 0:00:49]} Qe8 {[%emt 0:04:40]} 11. Ng5 {[%emt 0:08:52]} Nxg5 {[%emt 0:06:36]} 12. Bxg5 {[%emt 0:00:14]} f6 {[%emt 0:03:12]} 13. Bf4 {[%emt 0:01:35]} e5 {[%emt 0:00:35]} 14. dxe5 {[%emt 0:00:19]} Nxe5 {[%emt 0:04:18]} 15. Bf1 {[%emt 0:01:21]} Rd8 {[%emt 0:01:35]} 16. Qc2 {[%emt 0:01:56]} c5 {[%emt 0:03:05]} 17. Rad1 {[%emt 0:01:38]} Qc6 {[%emt 0:01:40]} 18. Qb3 {[%emt 0:02:57]} Kh8 {[%emt 0:03:09]} 19. Bb5 {[%emt 0:09:45]} Qc8 {[%emt 0:01:25]} 20. Bf1 {[%emt 0:01:13]} Qf5 {[%emt 0:02:01]} 21. c4 {[%emt 0:08:24]} d4 {[%emt 0:01:34]} 22. Bg3 {[%emt 0:00:32]} Bh6 {[%emt 0:03:31]} 23. e4 {[%emt 0:06:12]} Qe6 {[%emt 0:01:41]} 24. f3 {[%emt 0:03:10]} Ba6 {[%emt 0:05:11]} 25. Qc2 {[%emt 0:01:42]} Bxd2 {[%emt 0:07:53]} 26. Qxd2 {[%emt 0:05:30]} Bxc4 {[%emt 0:03:12]} 27. b3 {[%emt 0:07:00]} Bxf1 {[%emt 0:00:10]} 28. Rxf1 {[%emt 0:03:32]} Nf7 {[%emt 0:01:25]} 29. Rde1 {[%emt 0:00:51]} Qc6 {[%emt 0:01:01]} 30. Rc1 {[%emt 0:02:50]} b5 {[%emt 0:03:02]} 31. Rc2 {[%emt 0:00:24]} c4 {[%emt 0:02:13]} 32. Qc1 {[%emt 0:03:18]} Rc8 {[%emt 0:01:23]} 33. Rd1 {[%emt 0:01:23]} Rfd8 {[%emt 0:00:38]} 34. b4 {[%emt 0:02:30]} c3 {[%emt 0:01:52]} 35. Rd3 {[%emt 0:00:49]} Qc4 {[%emt 0:00:21]} 36. Qd1 {[%emt 0:02:15]} Ne5 {[%emt 0:00:26]} 37. Bxe5 {[%emt 0:00:48]} fxe5 {[%emt 0:00:08]} 38. a3 {[%emt 0:00:10]} Rf8 {[%emt 0:01:28]} 39. Kf2 {[%emt 0:00:38]} Qb3 {[%emt 0:00:16]} 40. Qc1 {[%emt 0:00:19]} Rc6 {[%emt 0:01:06]} 41. h3 {[%emt 0:31:09]} Kg7 {[%emt 0:31:03]} 42. Ke2 {[%emt 0:04:09]} Ra6 {[%emt 0:03:10]} 43. h4 {[%emt 0:02:31]} Rxa3 {[%emt 0:01:18]} 44. Rcxc3 {[%emt 0:00:18]} Ra2+ {[%emt 0:01:09]} 45. Kf1 {[%emt 0:01:27]} dxc3 {[%emt 0:00:15]} 46. Rd7+ {[%emt 0:00:14]} Rf7 {[%emt 0:00:42]} 0-1

[Event "Nordic Chess-ch 2019"]
[Site "Sarpsborg"]
[Date "2019.06.23"]
[Round "4.41"]
[White "Stabbetorp, Hans"]
[Black "Heikkila, Raine"]
[Result "1/2-1/2"]
[WhiteElo "1767"]
[BlackElo "1663"]
[Annotator "NA"]
[PlyCount "92"]
[EventDate "2019.06.21"]
[EventType "swiss"]
[EventCountry "NOR"]
[SourceTitle "playchess.com"]
[Source "ChessBase"]
[SourceQuality "1"]
[TimeControl "40/5400+30:1800+30"]

1. d4 {[%emt 0:00:00]} d5 {[%emt 0:00:00]} 2. Nf3 {[%emt 0:00:00]} h6 {[%emt 0:00:00]} 3. Bf4 {[%emt 0:00:00]} Nf6 {[%emt 0:00:02]} 4. h3 {[%emt 0:00:08]} Nc6 {[%emt 0:00:18]} 5. e3 {[%emt 0:00:12]} a6 {[%emt 0:00:12]} 6. Nbd2 {[%emt 0:00:25]} Bf5 {[%emt 0:00:14]} 7. a3 {[%emt 0:01:07]} e6 {[%emt 0:00:14]} 8. c4 {[%emt 0:00:16]} Bd6 {[%emt 0:00:20]} 9. Bxd6 {[%emt 0:02:17]} cxd6 {[%emt 0:00:32]} 10. Rc1 {[%emt 0:00:37]} dxc4 {[%emt 0:02:45]} 11. Bxc4 {[%emt 0:00:55]} O-O {[%emt 0:00:14]} 12. O-O {[%emt 0:01:49]} d5 {[%emt 0:00:08]} 13. Be2 {[%emt 0:01:34]} Ne4 {[%emt 0:01:05]} 14. b4 {[%emt 0:02:11]} Qd6 {[%emt 0:00:48]} 15. Nxe4 {[%emt 0:01:44]} dxe4 {[%emt 0:00:27]} 16. Nd2 {[%emt 0:00:04]} Rfd8 {[%emt 0:02:35]} 17. Nc4 {[%emt 0:02:54]} Qe7 {[%emt 0:00:10]} 18. Bg4 {[%emt 0:03:14]} Bh7 {[%emt 0:03:19]} 19. Qc2 {[%emt 0:04:37]} Qg5 {[%emt 0:01:37]} 20. Qb2 {[%emt 0:07:10]} h5 {[%emt 0:00:53]} 21. Bd1 {[%emt 0:00:47]} Bf5 {[%emt 0:00:34]} 22. Kh2 {[%emt 0:04:16]} Qh4 {[%emt 0:00:58]} 23. f3 {[%emt 0:04:30]} Rac8 {[%emt 0:03:04]} 24. fxe4 {[%emt 0:02:02]} Bg6 {[%emt 0:03:08]} 25. e5 {[%emt 0:06:18]} Ne7 {[%emt 0:01:12]} 26. Nd6 {[%emt 0:08:39]} Rxc1 {[%emt 0:02:47]} 27. Qxc1 {[%emt 0:00:05]} Rf8 {[%emt 0:05:06]} 28. Bc2 {[%emt 0:07:46]} Qg5 {[%emt 0:03:53]} 29. Bxg6 {[%emt 0:01:45]} Qxg6 {[%emt 0:00:10]} 30. Nxb7 {[%emt 0:02:35]} Rc8 {[%emt 0:02:54]} 31. Nc5 {[%emt 0:04:00]} Nf5 {[%emt 0:01:04]} 32. Qe1 {[%emt 0:01:16]} h4 {[%emt 0:00:56]} 33. Rf4 {[%emt 0:04:17]} Qg5 {[%emt 0:00:51]} 34. Qf2 {[%emt 0:02:39]} Qg3+ {[%emt 0:01:33]} 35. Qxg3 {[%emt 0:00:17]} hxg3+ {[%emt 0:00:02]} 36. Kg1 {[%emt 0:00:30]} Nxe3 {[%emt 0:00:59]} 37. Rf3 {[%emt 0:02:11]} Nf5 {[%emt 0:00:10]} 38. d5 {[%emt 0:00:37]} Nd4 {[%emt 0:00:50]} 39. Rxg3 {[%emt 0:02:48]} Ne2+ {[%emt 0:00:12]} 40. Kf2 {[%emt 0:00:03]} Nxg3 {[%emt 0:00:43]} 41. Kxg3 {[%emt 0:30:12]} exd5 {[%emt 0:30:12]} 42. Kf4 {[%emt 0:00:57]} Rc6 {[%emt 0:00:20]} 43. Ke3 {[%emt 0:00:23]} Kf8 {[%emt 0:00:37]} 44. Kd4 {[%emt 0:00:08]} Ke7 {[%emt 0:01:31]} 45. Kxd5 {[%emt 0:00:04]} Rb6 {[%emt 0:00:58]} 46. Nd3 {[%emt 0:03:48]} Kd7 {[%emt 0:01:25]} 1/2-1/2

[Event "Nordic Chess-ch 2019"]
[Site "Sarpsborg"]
[Date "2019.06.23"]
[Round "4.42"]
[White "Thorvlaksson, Baldvin"]
[Black "Eriksen, Oddvar"]
[Result "1/2-1/2"]
[WhiteElo "1523"]
[BlackElo "1520"]
[Annotator "NA"]
[PlyCount "54"]
[EventDate "2019.06.21"]
[EventType "swiss"]
[EventCountry "NOR"]
[SourceTitle "playchess.com"]
[Source "ChessBase"]
[SourceQuality "1"]
[TimeControl "40/5400+30:1800+30"]

1. e4 {[%emt 0:00:00]} c5 {[%emt 0:00:00]} 2. Nf3 {[%emt 0:00:04]} Nc6 {[%emt 0:00:00]} 3. b3 {[%emt 0:00:42]} e5 {[%emt 0:00:09]} 4. Bb2 {[%emt 0:00:37]} d6 {[%emt 0:00:29]} 5. Be2 {[%emt 0:01:35]} Nf6 {[%emt 0:00:18]} 6. d3 {[%emt 0:00:21]} Be7 {[%emt 0:00:33]} 7. Nbd2 {[%emt 0:00:46]} O-O {[%emt 0:00:38]} 8. Nc4 {[%emt 0:00:56]} b5 {[%emt 0:00:29]} 9. Ne3 {[%emt 0:00:14]} b4 {[%emt 0:00:22]} 10. Kd2 {[%emt 0:08:50]} Nd4 {[%emt 0:02:12]} 11. Qg1 {[%emt 0:05:35]} Nxe2 {[%emt 0:03:03]} 12. Kxe2 {[%emt 0:00:09]} Ba6 {[%emt 0:00:34]} 13. Nd2 {[%emt 0:01:33]} g6 {[%emt 0:01:56]} 14. Rf1 {[%emt 0:02:42]} Nh5 {[%emt 0:00:44]} 15. Nd5 {[%emt 0:01:44]} Bb7 {[%emt 0:01:42]} 16. g4 {[%emt 0:01:03]} Nf4+ {[%emt 1:24:51]} 17. Nxf4 {[%emt 1:11:39]} exf4 {[%emt 0:00:00]} 18. Nf3 {[%emt 0:00:00]} Bf6 {[%emt 0:00:00]} 19. Bc1 {[%emt 0:00:00]} d5 {[%emt 0:00:00]} 20. e5 {[%emt 0:00:00]} Bg7 {[%emt 0:00:00]} 21. Bxf4 {[%emt 0:00:00]} d4 {[%emt 0:02:30]} 22. Qg3 {[%emt 0:02:30]} Re8 {[%emt 0:00:00]} 23. Kd2 {[%emt 0:00:00]} Qd5 {[%emt 0:00:00]} 24. Ng5 {[%emt 0:00:00]} h6 {[%emt 0:00:00]} 25. Ne4 {[%emt 0:00:00]} Bxe5 {[%emt 0:02:00]} 26. Bxe5 {[%emt 0:02:00]} Qxe5 {[%emt 0:00:00]} 27. Qxe5 {[%emt 0:00:00]} Rxe5 {[%emt 0:00:00]} 1/2-1/2